Dinosaures par images - Spinosauridés - Statistiques

Statistiques générales
  • Ce quiz a été pris 76 fois
  • Le résultat moyen est 4 sur 15
Statistiques - réponses
Par images Réponse % Correct
Spinosaurus
88%
Baryonyx
84%
Suchomimus
76%
Irritator
65%
Oxalaia
25%
Ichthyovenator
14%
Riparovenator
8%
Ceratosuchops
6%
Angaturama
4%
Iberospinus
4%
Vallibonavenatrix
4%
Protathlitis
2%
Sigilmassasaurus
2%
Camarillasaurus
0%
Riojavenatrix
0%
Aucun quiz correspondant
Distribution des résultats
% des personnes avec chaque résultat
Percentile par nombre de réponses
Votre historique - résultats
Vous n’avez pas pris ce quiz